First nature encyclopedia (Record no. 24968)

MARC details
000 -LEADER
fixed length control field 00273nam a2200109Ia 4500
082 ## - DEWEY DECIMAL CLASSIFICATION NUMBER
Classification number 502.7(031)
Item number WEL
100 ## - MAIN ENTRY--AUTHOR NAME
Personal name Wellesley, Robert
245 #0 - TITLE STATEMENT
Title First nature encyclopedia
260 ## - PUBLICATION, DISTRIBUTION, ETC. (IMPRINT)
Place of publication London
Name of publisher Octopus
Year of publication 1976
942 ## - ADDED ENTRY ELEMENTS (KOHA)
Koha item type Books
Holdings
Withdrawn status Lost status Damaged status Not for loan Home library Current library Date acquired Cost, normal purchase price Full call number Accession Number Koha item type
        RRII Library RRII Library 16/12/2021 5.95 502.7(031) WEL 05632 Books